Поэма Н. В. Гоголя "Мертвые души" в немецкой критической рецепции 1900-1940-х гг.; Филологические науки. Вопросы теории и практики; № 12 (30), ч. 2

書誌詳細
Parent link:Филологические науки. Вопросы теории и практики.— , 2008-
№ 12 (30), ч. 2.— 2013.— [С. 146-150]
第一著者: Никанорова Ю. В. Юлия Владимировна
団体著者: Национальный исследовательский Томский политехнический университет (ТПУ) Институт международного образования и языковой коммуникации (ИМОЯК)
要約:Заглавие с экрана
В статье рассматривается опыт критической рецепции поэмы Н. В. Гоголя "Мертвые души" в Германии в первой половине XX в. Представлены результаты обзора немецких литературных журналов и монографий, охватывающих период с 1900 г. по 1940 г. Акцентируется влияние русской символистской критики (Д. Мережковского и др.) на процесс осмысления произведения в немецкой культуре. Подчеркивается очевидность прорыва в прочтении поэмы от сатиры к психоаналитическим и религиозно-мистическим толкованиям, а также включение ее в контекст мировой литературы.
The experience of N. V. Gogol’s poem “Dead Souls” critical reception in Germany in the first half of the XX th century is considered in the article. The results of the German literary journals and monographs review of 1900-1940 are presented. The Russian symbolist criticism influence (D. S. Merezhkovskii’s and so on) on the work comprehension process in the German culture is emphasized. The obviousness of the breakthrough in the poem reading from satire to psychoanalytical and religious-mystic interpretations, and also its inclusion in the world literature context are accentuated.
Режим доступа: по договору с организацией-держателем ресурса
言語:ロシア語
出版事項: 2013
シリーズ:Филологические науки
主題:
オンライン・アクセス:http://elibrary.ru/item.asp?id=20698224
http://www.gramota.net/materials/2/2013/12-2/37.html
フォーマット: 電子媒体 図書の章
KOHA link:https://koha.lib.tpu.ru/cgi-bin/koha/opac-detail.pl?biblionumber=642303

MARC

LEADER 00000nla0a2200000 4500
001 642303
005 20250128150125.0
035 |a (RuTPU)RU\TPU\network\7242 
090 |a 642303 
100 |a 20150619d2013 k||y0rusy50 ca 
101 0 |a rus 
102 |a RU 
135 |a drcn ---uucaa 
181 0 |a i  
182 0 |a b 
200 1 |a Поэма Н. В. Гоголя "Мертвые души" в немецкой критической рецепции 1900-1940-х гг.  |d N. V. Gogol's poem "Dead souls" in german critical reception of the 1900-1940s  |f Ю. В. Никанорова 
203 |a Текст  |c электронный 
225 1 |a Филологические науки 
300 |a Заглавие с экрана 
320 |a [Библиогр.: с. 150 (21 назв.)] 
330 |a В статье рассматривается опыт критической рецепции поэмы Н. В. Гоголя "Мертвые души" в Германии в первой половине XX в. Представлены результаты обзора немецких литературных журналов и монографий, охватывающих период с 1900 г. по 1940 г. Акцентируется влияние русской символистской критики (Д. Мережковского и др.) на процесс осмысления произведения в немецкой культуре. Подчеркивается очевидность прорыва в прочтении поэмы от сатиры к психоаналитическим и религиозно-мистическим толкованиям, а также включение ее в контекст мировой литературы. 
330 |a The experience of N. V. Gogol’s poem “Dead Souls” critical reception in Germany in the first half of the XX th century is considered in the article. The results of the German literary journals and monographs review of 1900-1940 are presented. The Russian symbolist criticism influence (D. S. Merezhkovskii’s and so on) on the work comprehension process in the German culture is emphasized. The obviousness of the breakthrough in the poem reading from satire to psychoanalytical and religious-mystic interpretations, and also its inclusion in the world literature context are accentuated. 
333 |a Режим доступа: по договору с организацией-держателем ресурса 
461 |t Филологические науки. Вопросы теории и практики  |d 2008- 
463 |t № 12 (30), ч. 2  |v [С. 146-150]  |d 2013 
510 1 |a N. V. Gogol's poem "Dead souls" in german critical reception of the 1900-1940s  |z eng 
600 1 |a Гоголь  |g Николай Васильевич  |b Н. В.  |c русский писатель  |f 1809-1852  |2 stltpush  |3 (RuTPU)RU\TPU\pers\1036 
600 1 |a Мережковский  |g Дмитрий Сергеевич  |f 1865-1941  |c русский писатель  |c религиозный философ  |c поэт  |b Д. С.  |2 stltpush  |3 (RuTPU)RU\TPU\pers\1229 
610 1 |a электронный ресурс 
610 1 |a труды учёных ТПУ 
610 1 |a литературная критика 
610 1 |a рецепция 
700 1 |a Никанорова  |b Ю. В.  |c лингвист  |c доцент Томского политехнического университета, кандидат филологических наук  |f 1975-  |g Юлия Владимировна  |3 (RuTPU)RU\TPU\pers\28275  |9 13219 
712 0 2 |a Национальный исследовательский Томский политехнический университет (ТПУ)  |b Институт международного образования и языковой коммуникации (ИМОЯК)  |3 (RuTPU)RU\TPU\col\17810 
801 2 |a RU  |b 63413507  |c 20150619  |g RCR 
856 4 |u http://elibrary.ru/item.asp?id=20698224 
856 4 |u http://www.gramota.net/materials/2/2013/12-2/37.html 
942 |c CF